[Event "Mechanics' Winter TNM; 30/90, SD/30"]
[Site "San Francisco"]
[Date "2010.01.19"]
[Round "3.23"]
[White "Hilliard, Michael"]
[Black "Starr, Albert"]
[Result "1-0"]
[WhiteElo "1447"]
[BlackElo "1500"]
[PlyCount "103"]
[EventDate "2010.??.??"]

1. d4 f5 2. Nc3 d5 3. Bf4 c6 4. e3 Nf6 5. Nf3 e6 6. h4 Nh5 7. Bh2 Be7 8. Ne5 g6
9. Be2 Ng7 10. Bg3 Nd7 11. h5 O-O 12. hxg6 Nxe5 13. gxh7+ Kh8 14. Bxe5 Bf6 15.
Qd3 Bxe5 16. dxe5 Bd7 17. O-O-O Be8 18. f4 Bg6 19. g4 Rf7 20. Rdg1 Qe7 21. Rh6
Bxh7 22. g5 Ne8 23. g6 Rg7 24. Rgh1 Kg8 25. Rxh7 Rxh7 26. Rxh7 Qf8 27. Qd1 Qc5
28. Qg1 Ng7 29. Qg3 Rd8 30. Qh3 Kf8 31. Rh8+ Ke7 32. Rxd8 Kxd8 33. Qh8+ Ne8 34.
Nd1 Qe7 35. Bh5 Qg7 36. Qxg7 Nxg7 37. Bf3 Ke7 38. a4 Kf8 39. a5 Ne8 40. Nf2 Kg7
41. Nd3 Kxg6 42. Nc5 Nc7 43. Nxb7 Kf7 44. Nd8+ Ke7 45. Nxc6+ Kd7 46. Nxa7 Na6
47. Be2 Nc5 48. b4 Ne4 49. Kb2 Kc7 50. Nb5+ Kc6 51. Nd4+ Kd7 52. a6 1-0

[Event "Mechanics' Winter TNM; 30/90, SD/30"]
[Site "San Francisco"]
[Date "2010.02.16"]
[Round "7.21"]
[White "Hilliard, Michael"]
[Black "Woebcke, Carl"]
[Result "0-1"]
[WhiteElo "1447"]
[BlackElo "1649"]
[PlyCount "60"]
[EventDate "2010.??.??"]

1. d4 d5 2. Nf3 Nf6 3. e3 e6 4. Bd3 b6 5. Nbd2 Bb7 6. O-O c5 7. c3 Nbd7 8. Re1
Be7 9. e4 dxe4 10. Nxe4 O-O 11. Qc2 Rc8 12. Nxf6+ Nxf6 13. Ng5 h6 14. Ne4 cxd4
15. Bd2 Nd5 16. Rad1 Nb4 17. Qb1 Nxd3 18. Qxd3 dxc3 19. Bxc3 Qxd3 20. Rxd3 Rfd8
21. Rg3 Bxe4 22. Rxg7+ Kf8 23. f3 Rxc3 24. bxc3 Bc5+ 25. Kh1 Kxg7 26. fxe4 Rd2
27. a4 Ra2 28. g3 Rxa4 29. e5 Rc4 30. Rc1 Be3 0-1

[Event "Mechanics' Winter TNM; 30/90, SD/30"]
[Site "San Francisco"]
[Date "2010.01.12"]
[Round "2.2"]
[White "Jelinek, Jules"]
[Black "Manvelyan, Hovik"]
[Result "0-1"]
[WhiteElo "2131"]
[BlackElo "1953"]
[PlyCount "155"]
[EventDate "2010.??.??"]

1. b4 e5 2. Bb2 Bxb4 3. Bxe5 Nf6 4. a3 Nc6 5. axb4 Nxe5 6. d4 Ng6 7. c4 Qe7 8.
Qb3 O-O 9. Nc3 d6 10. Nf3 Bg4 11. e3 Bxf3 12. gxf3 Nh4 13. Be2 Rfe8 14. Rg1 Kh8
15. Ra5 h6 16. Qa3 a6 17. b5 Nf5 18. bxa6 Rxa6 19. Rxa6 bxa6 20. Qxa6 Nxe3 21.
Kd2 Nf5 22. Qa7 d5 23. Rb1 Qd6 24. cxd5 Qxh2 25. Rb8 Qxf2 26. Qxc7 Qxd4+ 27.
Kc2 Ne3+ 28. Kb3 Nexd5 29. Rxe8+ Nxe8 30. Qc8 Qxc3+ 31. Qxc3 Nxc3 32. Kxc3 g6
33. Kd4 Kg7 34. Ke5 Nf6 35. Ba6 Nh5 36. Bc8 f6+ 37. Ke4 Kf7 38. Ba6 Ng7 39. Bc8
h5 40. Kf4 g5+ 41. Kg3 Kg6 42. Bd7 Nf5+ 43. Kh3 Nd4 44. Kg3 Ne2+ 45. Kf2 Nf4
46. Kg3 Kf7 47. Bc8 Ke7 48. Bf5 Kd6 49. Bc8 Ke5 50. Bd7 Kd4 51. Kf2 h4 52. Bc8
Ke5 53. Ba6 Nd5 54. Bc8 Kf4 55. Bb7 Ne3 56. Bc8 Nf5 57. Kg2 Ng3 58. Bb7 f5 59.
Kh3 Ne2 60. Ba8 Nd4 61. Kg2 h3+ 62. Kxh3 Nxf3 63. Kg2 Ne5 64. Bb7 Ke3 65. Ba6
f4 66. Bb5 f3+ 67. Kg3 f2 68. Ba6 Nf3 69. Kg4 Ne5+ 70. Kg3 Nf3 71. Kg4 Nd4 72.
Kg3 Ne2+ 73. Kg2 g4 74. Bb5 g3 75. Bc6 Nf4+ 76. Kf1 g2+ 77. Bxg2 Nxg2 78. Kxg2
0-1

[Event "Mechanics' Winter TNM; 30/90, SD/30"]
[Site "San Francisco"]
[Date "2010.02.02"]
[Round "5.9"]
[White "Jones, James"]
[Black "Askin, David"]
[Result "0-1"]
[WhiteElo "2075"]
[BlackElo "1749"]
[PlyCount "48"]
[EventDate "2010.??.??"]

1. e4 c6 2. d4 d5 3. exd5 cxd5 4. c4 Nf6 5. Nc3 e6 6. Nf3 Bb4 7. Qa4+ $6 (7.
Bd3 dxc4 8. Bxc4) (7. cxd5 Nxd5 (7... exd5 8. Ne5) 8. Bd2) 7... Nc6 8. Ne5 Qa5
9. Qxa5 Bxa5 10. Nxc6 bxc6 11. Bd2 O-O 12. c5 Bc7 13. f4 Nd7 14. Bd3 f6 15. O-O
e5 16. fxe5 (16. Bf5 exd4 17. Be6+ Kh8 18. Bxd7 dxc3 19. Bxc6 cxd2 20. Bxa8 Ba6
21. Rfd1 Bxf4) 16... fxe5 17. Rxf8+ Nxf8 18. Rf1 $2 (18. dxe5) 18... exd4 19.
Ne2 Ne6 20. Bf5 Nxc5 21. Nxd4 Bxf5 22. Nxf5 Re8 23. Bc3 Bb6 24. Nxg7 Ne6+ 0-1

[Event "Mechanics' Winter TNM; 30/90, SD/30"]
[Site "San Francisco"]
[Date "2010.02.16"]
[Round "7.7"]
[White "Jones, James"]
[Black "Kleiman, Charles"]
[Result "1-0"]
[WhiteElo "2075"]
[BlackElo "1737"]
[PlyCount "59"]
[EventDate "2010.??.??"]

1. Nf3 c5 2. b3 d5 3. Bb2 Nc6 4. e3 Bg4 5. Bb5 a6 6. Bxc6+ bxc6 7. O-O f6 8. d3
e5 9. Nbd2 a5 10. h3 Bh5 11. a4 Bd6 12. Re1 g5 13. Nf1 Ra7 14. Ng3 Bg6 15. Nh2
h5 16. f4 exf4 17. exf4+ Re7 18. Ne2 Rhh7 19. fxg5 fxg5 20. Nf3 Re6 21. Qd2 Be7
22. Ng3 Rxe1+ 23. Rxe1 Kf8 24. Ne5 Qd6 25. Qxa5 Be8 26. Rf1+ Bf6 27. Nf5 Qe6
28. Qxc5+ Ne7 29. Nxe7 Rxe7 30. Rxf6+ 1-0

[Event "Mechanics' Winter TNM; 30/90, SD/30"]
[Site "San Francisco"]
[Date "2010.01.05"]
[Round "2.5"]
[White "Jones, James"]
[Black "Macintyre, Brendan"]
[Result "1-0"]
[WhiteElo "2075"]
[BlackElo "1681"]
[PlyCount "63"]
[EventDate "2010.??.??"]

1. e4 c5 2. b4 cxb4 3. a3 e6 4. d4 d5 5. e5 bxa3 6. Bd3 Nc6 7. c3 f6 8. Qh5+
Kd7 9. Bxa3 Nh6 10. Nf3 Qe8 11. Qh3 Bxa3 12. Nxa3 Ke7 13. Nb5 Qd8 14. exf6+
Kxf6 15. O-O Ke7 16. Rfe1 Nf7 17. Qg3 Kf8 18. Nc7 Rb8 19. Rxe6 Bd7 20. Re8+
Qxe8 21. Nxe8 Rxe8 22. Qc7 Bc8 23. Bb5 g6 24. Bxc6 bxc6 25. Rxa7 Be6 26. Ne5
Kg7 27. Nxf7 Bxf7 28. Qxf7+ Kh6 29. Qg7+ Kh5 30. h4 Kxh4 31. Qh6+ Kg4 32. Rf7
1-0

[Event "Mechanics' Winter TNM; 30/90, SD/30"]
[Site "San Francisco"]
[Date "2010.01.12"]
[Round "2.17"]
[White "Kleiman, Charles"]
[Black "Allen, Tom"]
[Result "1-0"]
[WhiteElo "1737"]
[BlackElo "1552"]
[PlyCount "33"]
[EventDate "2010.??.??"]

1. Nf3 d5 2. c4 dxc4 3. Na3 Nc6 4. Nxc4 Bg4 5. Nfe5 Nxe5 6. Nxe5 Bf5 7. Qb3 e6
8. Qb5+ c6 9. Qxb7 Ne7 10. Nxc6 Nxc6 11. Qxc6+ Ke7 12. Qb7+ Kf6 13. b3 Bc5 14.
Bb2+ Kg6 15. Qf3 h5 16. Qg3+ Bg4 17. h3 1-0

[Event "Mechanics' Winter TNM; 30/90, SD/30"]
[Site "San Francisco"]
[Date "2010.01.26"]
[Round "4.6"]
[White "Kleiman, Charles"]
[Black "Margulis, Igor"]
[Result "1-0"]
[WhiteElo "1737"]
[BlackElo "2128"]
[PlyCount "101"]
[EventDate "2010.??.??"]

1. d4 g6 2. e4 Bg7 3. f4 c6 4. Nf3 d5 5. e5 h5 6. c4 Bg4 7. Nc3 Nh6 8. cxd5
cxd5 9. Qb3 Bxf3 10. gxf3 Nc6 11. Qxb7 Nxd4 12. Bb5+ Kf8 13. Bd3 Nhf5 14. b3
Nxf3+ 15. Kf2 Nxe5 16. fxe5 Bxe5 17. Bb2 Rb8 18. Qa6 Bd4+ 19. Ke2 Qc7 20. Bxf5
gxf5 21. Qd3 Qe5+ 22. Kd2 Rg8 23. Rae1 Rg2+ 24. Re2 Qf4+ 25. Kc2 Qg4 26. Rhe1
Rc8 27. Kb1 Bxc3 28. Bxc3 Rxe2 29. Rxe2 e6 30. Rc2 Kg8 31. Qd4 Qxd4 32. Bxd4
Ra8 33. Rg2+ Kh7 34. Rg7+ Kh6 35. Rxf7 Re8 36. Be5 a5 37. h4 Kg6 38. Ra7 f4 39.
Bxf4 Kf5 40. Bg5 e5 41. Rxa5 d4 42. Kc2 Rc8+ 43. Kd2 Rc3 44. b4 Rc4 45. Rb5 Rc3
46. a4 Ra3 47. a5 Ra2+ 48. Kd3 Ra3+ 49. Kc4 Ke6 50. Rb6+ Kf5 51. Kd5 1-0

[Event "Mechanics' Winter TNM; 30/90, SD/30"]
[Site "San Francisco"]
[Date "2010.02.23"]
[Round "8.9"]
[White "Kleiman, Charles"]
[Black "Sherwood, Peter"]
[Result "0-1"]
[WhiteElo "1737"]
[BlackElo "1697"]
[PlyCount "74"]
[EventDate "2010.??.??"]

1. d4 d5 2. c4 dxc4 3. Nc3 Nc6 4. Nf3 Nf6 5. e4 Bg4 6. Be3 e6 7. Bxc4 Bb4 8.
Qd3 O-O 9. a3 Be7 10. h3 Bxf3 11. gxf3 a6 12. Rc1 Qd7 13. f4 Rad8 14. d5 exd5
15. Nxd5 Rfe8 16. Nxf6+ Bxf6 17. Qxd7 Rxd7 18. e5 Bd8 19. Ke2 Nd4+ 20. Kf1 Nf5
21. Bc5 Rd2 22. b4 Bh4 23. Rh2 Bg3 24. Rg2 Bxf4 25. Re1 Rxe5 26. Rxe5 Bxe5 27.
Rg4 g6 28. Re4 Bd6 29. Re8+ Kg7 30. Ke1 Rb2 31. Ba7 Rb1+ 32. Ke2 Rh1 33. Rd8
Rxh3 34. Rd7 Rxa3 35. Rxf7+ Kh6 36. b5 axb5 37. Bxb5 Rxa7 0-1

[Event "Mechanics' Winter TNM; 30/90, SD/30"]
[Site "San Francisco"]
[Date "2010.02.09"]
[Round "6.3"]
[White "Kleiman, Charles"]
[Black "Wong, Russell"]
[Result "0-1"]
[WhiteElo "1737"]
[BlackElo "2212"]
[PlyCount "84"]
[EventDate "2010.??.??"]

1. d4 Nf6 2. c4 c5 3. d5 e5 4. dxe6 fxe6 5. Nc3 Nc6 6. Bg5 Be7 7. e3 Qa5 8. Qd2
O-O 9. Nf3 a6 10. a3 h6 11. Bh4 Rb8 12. Rd1 b5 13. Bd3 b4 14. Ne2 bxa3 15. Qxa5
Nxa5 16. bxa3 Rb3 17. Ne5 Ng4 18. Bxe7 Nxe5 19. Bc2 Rb2 20. Bxf8 Kxf8 21. Bd3
Naxc4 22. Bxc4 Nxc4 23. a4 d5 24. Nf4 Ke7 25. Nd3 Ra2 26. O-O Kd6 27. Ra1 Rd2
28. Rfd1 Bd7 29. Rxd2 Nxd2 30. Ra2 Nb3 31. Kf1 c4 32. Nb4 a5 33. Nc2 e5 34. Ke1
Kc5 35. Kd1 d4 36. e4 d3 37. Ne3 c3 38. g3 Be6 39. Ra3 Kb4 40. Ra2 Nd4 41. Nd5+
Kb3 42. Ra1 Bg4+ 0-1

[Event "Mechanics' Winter TNM; 30/90, SD/30"]
[Site "San Francisco"]
[Date "2010.01.19"]
[Round "3.3"]
[White "Klinetobe, David"]
[Black "Argishti, Dante"]
[Result "0-1"]
[WhiteElo "2043"]
[BlackElo "2026"]
[PlyCount "104"]
[EventDate "2010.??.??"]

1. e4 c5 2. Nf3 d6 3. d4 cxd4 4. Nxd4 Nf6 5. Nc3 a6 6. Bg5 e6 7. Qd3 Be7 8. f4
Nbd7 9. Be2 O-O 10. O-O-O Qc7 11. g4 b5 12. Bxf6 Bxf6 13. g5 Nc5 14. Qe3 Be7
15. a3 Rb8 16. b4 Na4 17. Nxa4 bxa4 18. Rd3 Bb7 19. Rc3 Qb6 20. h4 Rbc8 21.
Rxc8 Rxc8 22. Rh3 Qc7 23. c3 e5 24. fxe5 dxe5 25. Nf5 Bf8 26. Kb2 Qc6 27. c4
Rd8 28. Bd3 Bc8 29. Rg3 Be6 30. Qf3 Bxf5 31. exf5 Qd6 32. Qe4 a5 33. c5 Qb8 34.
Kc3 Rd4 35. Qe3 axb4+ 36. axb4 Qxb4+ 37. Kc2 a3 38. Qc1 e4 39. Be2 Qxc5+ 40.
Rc3 Qxf5 41. Kb1 Rb4+ 42. Ka1 Rb8 43. Bc4 Qe5 44. Ka2 Rb2+ 45. Ka1 g6 46. Bxf7+
Kxf7 47. Rc7+ Kg8 48. Qc4+ Kh8 49. Rxh7+ Kxh7 50. Qf7+ Bg7 51. Qxg6+ Kxg6 52.
h5+ Kxg5 0-1

[Event "Mechanics' Winter TNM; 30/90, SD/30"]
[Site "San Francisco"]
[Date "2010.01.05"]
[Round "2.7"]
[White "Klinetobe, David"]
[Black "Cohee, James"]
[Result "1-0"]
[WhiteElo "2043"]
[BlackElo "1640"]
[PlyCount "115"]
[EventDate "2010.??.??"]

1. e4 c5 2. Nf3 Nc6 3. d4 cxd4 4. Nxd4 g6 5. c4 Bg7 6. Nc2 Nf6 7. Nc3 O-O 8.
Be2 d6 9. O-O Be6 10. Bd2 Rc8 11. Rb1 Ne5 12. b3 Bd7 13. f3 Nc6 14. Kh1 Ne8 15.
Nd5 Nc7 16. Be3 f5 17. Nxc7 Qxc7 18. exf5 Rxf5 19. Nd4 Rf7 20. Nb5 Qb8 21. Qd2
a6 22. Nd4 Nxd4 23. Bxd4 e5 24. Bc3 Be6 25. Bb4 Rd7 26. Rbc1 Rcd8 27. Rfd1 b6
28. Qe3 a5 29. Be1 Qc7 30. Bh4 Rf8 31. Bg3 Rfd8 32. Bd3 Qc5 33. Qe2 Bf7 34. Be4
Qc7 35. Bd5 Rc8 36. Bf2 b5 37. Qe4 b4 38. Bxf7+ Kxf7 39. Qd5+ Kf8 40. Rd3 Qc6
41. Qxa5 Ra8 42. Qxb4 Rxa2 43. Rd2 Rxd2 44. Qxd2 d5 45. c5 d4 46. Qd3 Rf7 47.
Bh4 Rf4 48. Bg3 e4 49. fxe4 Rxe4 50. Rf1+ Ke8 51. Qf3 Qe6 52. Qd3 Re3 53. Qb5+
Qd7 54. Qb8+ Qd8 55. Qb5+ Qd7 56. c6 Qe6 57. c7+ Ke7 58. Qc5+ 1-0

[Event "Mechanics' Winter TNM; 30/90, SD/30"]
[Site "San Francisco"]
[Date "2010.02.02"]
[Round "5.10"]
[White "Klinetobe, David"]
[Black "Dembling, Arthur"]
[Result "1/2-1/2"]
[WhiteElo "2043"]
[BlackElo "1717"]
[PlyCount "100"]
[EventDate "2010.??.??"]

1. e4 e6 2. d4 d5 3. Nd2 Be7 4. c3 c5 5. dxc5 Bxc5 6. Bd3 Nc6 7. Ngf3 Nf6 8.
Qe2 dxe4 9. Nxe4 Be7 10. O-O O-O 11. Nxf6+ Bxf6 12. Qe4 g6 13. Bh6 Re8 14. Bc4
Bd7 15. Rad1 Qe7 16. Qf4 e5 17. Qd2 Be6 18. Bxe6 Qxe6 19. Qd7 Qe7 20. Qxe7 Rxe7
21. Rd6 Bg7 22. Bxg7 Kxg7 23. Rfd1 Kf8 24. Rd7 Ke8 25. Rxe7+ Kxe7 26. Kf1 f6
27. Ke2 Rd8 28. Rxd8 Nxd8 29. Kd3 Ne6 30. g3 b5 31. b4 Kd6 32. c4 bxc4+ 33.
Kxc4 a6 34. a4 Kc6 35. Nd2 f5 36. Nb3 h5 37. Na5+ Kd6 38. b5 axb5+ 39. axb5 Nc5
40. b6 Nd7 41. b7 g5 42. f3 f4 43. gxf4 gxf4 44. h4 Nb6+ 45. Kd3 Nd7 46. Ke4
Ke6 47. Nb3 Nf6+ 48. Kd3 Nd7 49. Ke4 Nf6+ 50. Kd3 Nd7 1/2-1/2

[Event "Mechanics' Winter TNM; 30/90, SD/30"]
[Site "San Francisco"]
[Date "2010.02.16"]
[Round "7.6"]
[White "Klinetobe, David"]
[Black "Periwal, Prashant"]
[Result "0-1"]
[WhiteElo "2043"]
[BlackElo "1839"]
[PlyCount "68"]
[EventDate "2010.??.??"]

1. e4 c5 2. Nf3 Nc6 3. d4 cxd4 4. Nxd4 e5 5. Nb5 a6 6. Nd6+ Bxd6 7. Qxd6 Qe7 8.
Qd1 Nf6 9. Nc3 h6 10. Be3 b5 11. f3 Bb7 12. Qd2 d6 13. O-O-O Rd8 14. Bb6 Rd7
15. g3 Nd8 16. Bh3 Ne6 17. Nd5 Bxd5 18. exd5 Rb7 19. dxe6 Rxb6 20. exf7+ Qxf7
21. Kb1 O-O 22. Rhe1 Re8 23. Bg2 d5 24. g4 Qg6 25. h4 Rd6 26. Qc3 d4 27. Qd3
Qf7 28. g5 Nd5 29. Qe4 Nb4 30. a3 Qa2+ 31. Kc1 d3 32. cxd3 Rc8+ 33. Kd2 Rc2+
34. Ke3 Nd5+ 0-1

[Event "Mechanics' Winter TNM; 30/90, SD/30"]
[Site "San Francisco"]
[Date "2010.02.16"]
[Round "7.10"]
[White "Krasnov, Steven"]
[Black "Cohee, James"]
[Result "1-0"]
[WhiteElo "1913"]
[BlackElo "1640"]
[PlyCount "49"]
[EventDate "2010.??.??"]

1. d4 d5 2. Nf3 Nf6 3. c4 dxc4 4. e3 e6 5. Bxc4 c5 6. O-O a6 7. a4 Nc6 8. Qe2
Be7 9. Rd1 cxd4 10. Nxd4 Qc7 11. b3 O-O 12. Bb2 Ne5 13. Nd2 Nxc4 14. Nxc4 Bd7
15. a5 Rad8 16. f4 Bc6 17. Rdc1 Nd7 18. Qg4 Bf6 19. Ba3 Nb8 20. Bxf8 Kxf8 21.
Rd1 Bd5 22. Qe2 Nc6 23. Nxc6 bxc6 24. Rac1 e5 25. fxe5 1-0

[Event "Mechanics' Winter TNM; 30/90, SD/30"]
[Site "San Francisco"]
[Date "2010.01.19"]
[Round "3.13"]
[White "Krasnov, Steven"]
[Black "Nelson, Christopher"]
[Result "1-0"]
[WhiteElo "1913"]
[BlackElo "1613"]
[PlyCount "73"]
[EventDate "2010.??.??"]

1. d4 f5 2. g3 Nf6 3. Bg2 e6 4. Bg5 Be7 5. Nd2 O-O 6. Nh3 d5 7. O-O Nc6 8. c3
Qe8 9. Nf4 Ne4 10. Bxe7 Nxe7 11. h4 Ng6 12. Nd3 Nxd2 13. Qxd2 c6 14. a4 Rf6 15.
Bf3 b6 16. a5 bxa5 17. Rxa5 Qd8 18. Rfa1 Qc7 19. h5 Nh8 20. Ne5 Nf7 21. Qe3 Nd6
22. b3 f4 23. gxf4 Nf5 24. Qd2 Bd7 25. Qa2 Nd6 26. Rxa7 Rxa7 27. Qxa7 Nb7 28.
e3 Bc8 29. Ra6 Rf8 30. Rxc6 Qe7 31. Qb8 Qd8 32. b4 g5 33. fxg5 Qxg5+ 34. Kf1
Nd6 35. Qxd6 Rd8 36. Rxc8 Rxc8 37. Qxe6+ 1-0

[Event "Mechanics' Winter TNM; 30/90, SD/30"]
[Site "San Francisco"]
[Date "2010.02.16"]
[Round "7.18"]
[White "Leavens, Weston"]
[Black "Newey, Richard"]
[Result "1/2-1/2"]
[WhiteElo "1858"]
[BlackElo "1754"]
[PlyCount "112"]
[EventDate "2010.??.??"]

1. e4 c5 2. d4 cxd4 3. c3 dxc3 4. Nxc3 Nc6 5. Nf3 d6 6. Bc4 e6 7. O-O a6 8. Qe2
Nge7 9. Rd1 Ng6 10. Be3 Be7 11. Rac1 Qa5 12. a3 Qh5 13. Bb6 Nce5 14. Nxe5 Qxe2
15. Bxe2 Nxe5 16. Bc7 Bd7 17. Bxd6 Bxd6 18. Rxd6 Bc6 19. Rcd1 O-O 20. f4 Ng6
21. g3 e5 22. f5 Ne7 23. Bc4 Nc8 24. R6d2 Nb6 25. Bb3 Kh8 26. Nd5 Nxd5 27. Bxd5
Bxd5 28. Rxd5 f6 29. Kf2 Rac8 30. Ke3 Rc2 31. R1d2 Rxd2 32. Kxd2 Ra8 33. Kc3
Rc8+ 34. Kd3 Ra8 35. Rd6 b5 36. h4 Ra7 37. b3 Kg8 38. Kc3 a5 39. Rb6 Rc7+ 40.
Kd3 Rc5 41. b4 axb4 42. axb4 Rc4 43. Rxb5 Rd4+ 44. Ke3 Rc4 45. Rb8+ Kf7 46. b5
Rc3+ 47. Kd2 Rc4 48. b6 Rxe4 49. Kd3 Re1 50. Kc2 Re4 51. b7 Rb4 52. Kc3 Rb1 53.
Kc4 Rb2 54. Kc5 Rb1 55. Kc6 Rc1+ 56. Kd5 Rb1 1/2-1/2

[Event "Mechanics' Winter TNM; 30/90, SD/30"]
[Site "San Francisco"]
[Date "2010.01.19"]
[Round "3.8"]
[White "Leavens, Weston"]
[Black "Shakhnazarov, Oleg"]
[Result "0-1"]
[WhiteElo "1858"]
[BlackElo "2184"]
[PlyCount "58"]
[EventDate "2010.??.??"]

1. e4 e5 2. Nf3 Nc6 3. Bb5 a6 4. Ba4 Nf6 5. O-O b5 6. Bb3 Be7 7. Re1 O-O 8. c3
d6 9. h3 Na5 10. Bc2 c5 11. d4 Qc7 12. d5 Nc4 13. Nbd2 Nb6 14. b3 a5 15. c4 b4
16. Nf1 a4 17. Bd2 Bd7 18. Qe2 Ra5 19. Ng3 Rfa8 20. Nf5 Bxf5 21. exf5 axb3 22.
Bxb3 e4 23. Ng5 Nbd7 24. Nxe4 Nxe4 25. Qxe4 Bf6 26. Rad1 Rxa2 27. Bxa2 Rxa2 28.
Qe8+ Nf8 29. Re4 h6 {
Black won in 42 moves. The gamescores are unplayable from this point.} 0-1

[Event "Mechanics' Winter TNM; 30/90, SD/30"]
[Site "San Francisco"]
[Date "2010.02.02"]
[Round "5.17"]
[White "Leavens, Weston"]
[Black "Yamamoto, Craig"]
[Result "1-0"]
[WhiteElo "1858"]
[BlackElo "1651"]
[PlyCount "61"]
[EventDate "2010.??.??"]

1. e4 c5 2. d4 e6 3. Nf3 cxd4 4. c3 dxc3 5. Nxc3 a6 6. Bc4 b5 7. Bb3 Bb7 8. a3
d6 9. O-O Be7 10. Qe2 Nc6 11. Rd1 Qc7 12. Bf4 Nf6 13. Rac1 Rd8 14. e5 dxe5 15.
Rxd8+ Qxd8 16. Bxe5 Na5 17. Ba2 h6 18. Rd1 Qa8 19. Bxf6 Bxf3 20. gxf3 Bxf6 21.
Bxe6 fxe6 22. Qxe6+ Kf8 23. Ne4 Qe8 24. Qf5 Qf7 25. Rd7 Be7 26. Qe5 Nc4 27. Qc7
g6 28. b3 Rh7 29. bxc4 bxc4 30. Nd6 Qf6 31. Qc8+ 1-0

[Event "Mechanics' Winter TNM; 30/90, SD/30"]
[Site "San Francisco"]
[Date "2010.02.23"]
[Round "8.10"]
[White "Litowsky, Daniel"]
[Black "Campers, Willie"]
[Result "0-1"]
[WhiteElo "1705"]
[BlackElo "1693"]
[PlyCount "50"]
[EventDate "2010.??.??"]

1. e4 e6 2. d4 d5 3. Nc3 Nf6 4. e5 Nfd7 5. Nf3 Be7 6. Bd3 b6 7. Ne2 Ba6 8. c3
Bxd3 9. Qxd3 c5 10. O-O O-O 11. Ng3 Nc6 12. a3 a5 13. h3 a4 14. Nh2 f6 15. f4
Na5 16. Be3 Nc4 17. Rab1 Rb8 18. Nf3 b5 19. Kh2 cxd4 20. Nxd4 Nc5 21. Qe2 Qd7
22. Rf3 fxe5 23. fxe5 Nxe5 24. Rxf8+ Rxf8 25. Nxb5 Nc4 {
The scoresheets run out here. Black won shortly.} 0-1

[Event "Mechanics' Winter TNM; 30/90, SD/30"]
[Site "San Francisco"]
[Date "2010.01.26"]
[Round "4.19"]
[White "Litowsky, Daniel"]
[Black "Hilliard, Michael"]
[Result "1-0"]
[WhiteElo "1705"]
[BlackElo "1447"]
[PlyCount "79"]
[EventDate "2010.??.??"]

1. e4 c6 2. d4 d5 3. Nc3 dxe4 4. Nxe4 Nd7 5. Nf3 Ngf6 6. Ng3 Nb6 7. b3 g6 8.
Bb2 Bg7 9. h3 Nbd5 10. c4 Qa5+ 11. Nd2 Nf4 12. Qf3 Bh6 13. Bc3 Qc7 14. Nge4 Bg7
15. g3 Ne6 16. Bg2 O-O 17. O-O Rd8 18. Qe3 Nxe4 19. Nxe4 Nxd4 20. Rad1 c5 21.
Rd2 e5 22. a3 f5 23. Ng5 Qe7 24. Bd5+ Be6 25. Bxd4 Bxd5 26. Bxc5 f4 27. gxf4
Qf6 28. fxe5 Qc6 29. Rfd1 Bh6 30. Rxd5 Bxg5 31. Qxg5 Rxd5 32. Rxd5 Re8 33. Bd4
Re6 34. Qh6 Qc7 35. Rd6 Qe7 36. Rxe6 Qxe6 37. Bc5 Qc8 38. Bd6 Qd8 39. c5 Qe8
40. e6 1-0

[Event "Mechanics' Winter TNM; 30/90, SD/30"]
[Site "San Francisco"]
[Date "2010.01.12"]
[Round "2.19"]
[White "Litowsky, Daniel"]
[Black "Mar, Henry"]
[Result "1-0"]
[WhiteElo "1705"]
[BlackElo "1500"]
[PlyCount "76"]
[EventDate "2010.??.??"]

1. e4 c5 2. Nc3 d6 3. Bc4 Nf6 4. d3 Nc6 5. h3 a6 6. a3 b5 7. Bb3 Nd4 8. Ba2 Be6
9. Nd5 Nc6 10. Nf3 Bd7 11. O-O e6 12. Nxf6+ gxf6 13. c3 Rg8 14. Ne1 e5 15. Kh2
Be6 16. Bxe6 fxe6 17. Qh5+ Kd7 18. Qf7+ Be7 19. f4 Rf8 20. Qxh7 Rh8 21. Qf7 Rf8
22. Qh5 Rh8 23. Qf3 Qg8 24. Nc2 Rf8 25. f5 Nd8 26. b4 Nb7 27. a4 Kc7 28. axb5
axb5 29. d4 exf5 30. exf5 Qc4 31. Na3 Qf7 32. Nxb5+ Kb6 33. Na7 Qe8 34. b5 Na5
35. Nc6 Nxc6 36. bxc6 Bd8 37. Rb1+ Kc7 38. Rb7+ Kc8 {W won in a few more moves}
1-0

[Event "Mechanics' Winter TNM; 30/90, SD/30"]
[Site "San Francisco"]
[Date "2010.02.09"]
[Round "6.17"]
[White "Litowsky, Daniel"]
[Black "Nelson, Christopher"]
[Result "1-0"]
[WhiteElo "1705"]
[BlackElo "1613"]
[PlyCount "65"]
[EventDate "2010.??.??"]

1. e4 e5 2. Nc3 Nf6 3. Bc4 Bc5 4. h3 c6 5. a3 O-O 6. Nf3 d6 (6... d5 $1) 7. d3
Nbd7 8. O-O b5 9. Bb3 a5 10. Ne2 Qc7 11. Ng3 Nb6 12. Bg5 Qe7 13. Nh5 Be6 14.
Kh2 Nbd7 15. Qd2 Bb6 16. Nh4 Bd8 17. f4 Bxb3 18. cxb3 Qe6 19. Nxf6+ Nxf6 20.
fxe5 dxe5 21. Nf5 Qd7 22. Qe3 Nh5 23. Rf3 f6 24. Bh4 Nf4 25. Rg3 Kh8 $2 (25...
g5 $1) (25... g6) 26. Rxg7 Qxd3 27. Qxd3 Nxd3 28. Rd1 Nc5 29. Bf2 Nxe4 (29...
Ne6 30. Rb7) 30. Rdd7 Ng5 31. h4 Ne6 32. Rxh7+ Kg8 33. Nh6# 1-0

[Event "Mechanics' Winter TNM; 30/90, SD/30"]
[Site "San Francisco"]
[Date "2010.01.26"]
[Round "4.7"]
[White "Liu, Daniel"]
[Black "Klinetobe, David"]
[Result "1/2-1/2"]
[WhiteElo "1949"]
[BlackElo "2043"]
[PlyCount "61"]
[EventDate "2010.??.??"]

1. e4 c5 2. Nf3 Nc6 3. d4 cxd4 4. Nxd4 g6 5. Nc3 Bg7 6. Be3 Nf6 7. Bc4 O-O 8.
Bb3 Qa5 9. O-O d6 10. h3 Bd7 11. f4 Nxd4 12. Bxd4 Bc6 13. Nd5 Nxd5 14. exd5 Bd7
15. Bxg7 Kxg7 16. Qd4+ Kg8 17. Rae1 Rfe8 18. Re3 Qc5 19. Qxc5 dxc5 20. Rfe1 Kf8
21. c3 b5 22. Bd1 Rab8 23. Bf3 Rb6 24. h4 h5 25. Kf2 Ra6 26. a3 Rd6 27. g3 e6
28. dxe6 Rexe6 29. Rxe6 Bxe6 30. Re5 Rd2+ 31. Re2 1/2-1/2

[Event "Mechanics' Winter TNM; 30/90, SD/30"]
[Site "San Francisco"]
[Date "2010.02.09"]
[Round "6.10"]
[White "Liu, Daniel"]
[Black "Sanguinetti, George"]
[Result "0-1"]
[WhiteElo "1949"]
[BlackElo "1980"]
[PlyCount "123"]
[EventDate "2010.??.??"]

1. e4 e5 2. Nf3 Nc6 3. Bb5 a6 4. Ba4 Nf6 5. O-O d6 6. d4 b5 7. Bb3 exd4 8. c3
dxc3 9. Nxc3 Bg4 10. Bg5 Be7 11. Bxf6 Bxf6 12. Bxf7+ Kxf7 13. Qd5+ Be6 14. Qxc6
Qd7 15. Qxd7+ Bxd7 16. Nd5 Bd8 17. Rac1 c6 18. Ne3 Re8 19. Rfd1 Be7 20. Nd4 c5
21. Nf3 Bc6 22. Nd5 Bxd5 23. Rxd5 Rad8 24. Rcd1 Bf6 25. Rxd6 Rxd6 26. Rxd6 Rxe4
27. Rxa6 Rb4 28. b3 c4 29. Kf1 cxb3 30. axb3 Rxb3 31. Rb6 Rb2 32. Rb7+ Ke6 33.
Ne1 Kd5 34. Nd3 Rd2 35. Rd7+ Kc4 36. Ne5+ Kc3 37. Rc7+ Kb3 38. Nd7 Bd4 39. Nc5+
Bxc5 40. Rxc5 b4 41. Rc7 Ka2 42. Ra7+ Kb1 43. Rb7 Rd4 44. Rxg7 b3 45. Rxh7 b2
46. Rb7 Kc2 47. g3 b1=Q+ 48. Rxb1 Kxb1 49. h4 Kc2 50. Ke2 Kc3 51. h5 Kc4 52. f4
Kd5 53. Kf3 Ke6 54. g4 Rd3+ 55. Ke4 Ra3 56. h6 Ra4+ 57. Kf3 Kf6 58. Kg3 Kg6 59.
g5 Kf5 60. Kh3 Kg6 61. Kg3 Kh5 62. Kf3 {
Remainder illegible. Black won in a few more moves} 0-1

[Event "Mechanics' Winter TNM; 30/90, SD/30"]
[Site "San Francisco"]
[Date "2010.01.12"]
[Round "2.1"]
[White "Liu, Daniel"]
[Black "Thornally, Frank"]
[Result "1/2-1/2"]
[WhiteElo "1949"]
[BlackElo "2208"]
[PlyCount "56"]
[EventDate "2010.??.??"]

1. e4 c5 2. Nf3 Nc6 3. d4 cxd4 4. Nxd4 g6 5. Nc3 Bg7 6. Be3 Nf6 7. Bc4 Qa5 8.
O-O O-O 9. Bb3 d6 10. f4 Ng4 11. Nxc6 bxc6 12. Bd4 e5 13. fxe5 dxe5 14. Bf2
Nxf2 15. Rxf2 Qc5 16. Na4 Qe7 17. Qd3 Be6 18. Bxe6 Qxe6 19. Nc5 Qe7 20. Qc4
Rad8 21. Nd3 Rd6 22. Raf1 Qe6 23. Qc5 Rd7 24. Nb4 Rc8 25. Rf3 Bf8 26. Qc3 Rd4
27. Nd3 Rc4 28. Qb3 Rxe4 1/2-1/2